• 首页
  • 本馆介绍
  • 公告通知
  • 最新文献
  • 馆藏检索
  • 电子资源
  • 读者导购
  • 参考咨询
  • 我的图书馆
  • 登录
  • 详细信息显示
  • 放入我的书架
  • 预约/预借图书
  • 作者相关作品
  • 分类相关作品
  • 丛书相关作品
  • 出版社相关作品

书目信息

  • 表格格式
  • 工作单格式
  • 卡片格式
题名:
可靠性理论及工程应用
    
 
作者: 张志华 编著
分册:  
出版信息: 北京   科学出版社  2012.1
页数: 12,372页
开本: 24cm
丛书名:
单 册:
中图分类: O213.2
科图分类:
主题词: 可靠性工程 , 应用数学 , 可靠性理论--应用数学--高等学校--教材
电子资源:
ISBN: 978-7-03-033265-3
000 00983nam0 2200265 45
001 1359668468
005 20130529085143.67
010    @a978-7-03-033265-3@dCNY41.80
100    @a20130513d2012 em y0chiy50 ea
101 0  @achi
102    @aCN@b110000
105    @ay z 000yy
106    @ar
200 1  @a可靠性理论及工程应用@AKe Kao Xing Li Lun Ji Gong Cheng Ying Yong@f张志华编著@FZhang Zhi Hua Bian Zhu
210    @a北京@c科学出版社@d2012.1
215    @a12,372页@d24cm
300    @a普通高等教育“十二五”规划教材 21世纪大学数学精品教材
330    @a本书主要包括可靠性基础、可靠性建模技术、常见可靠性评估和抽样检验方法,以及这些技术方法在可靠性工程中的应用。同时,还重点介绍了近年来可靠性理论的研究热点和取得的重要成果。
606 0  @a可靠性工程
606 0  @a应用数学
606 0  @a可靠性理论@x应用数学@x高等学校@j教材
690    @aO213.2@v5
701  0 @a张志华@AZhang Zhi Hua@c(理学博士)@4编著
801    @aCN@bTANGWEI@c20130522
905    @b0832824-29@dO213.2@e9@f6
    
    可靠性理论及工程应用/张志华编著.-北京:科学出版社,2012.1
    12,372页;24cm
    普通高等教育“十二五”规划教材 21世纪大学数学精品教材
    
    ISBN 978-7-03-033265-3:CNY41.80
    本书主要包括可靠性基础、可靠性建模技术、常见可靠性评估和抽样检验方法,以及这些技术方法在可靠性工程中的应用。同时,还重点介绍了近年来可靠性理论的研究热点和取得的重要成果。
●
相关链接 在E读中查询图书 在五车中查询图书 在当当中查询图书 在豆瓣中查询图书


正题名:可靠性理论及工程应用     索取号:O213.2/9         预约/预借

序号 登录号 条形码 馆藏地/架位号 状态 备注
1 0832824   208328246   第二样本阅览室/ [索取号:O213.2/9] 在馆    
2 0832825   208328255   第三借阅区/ [索取号:O213.2/9] 在馆    
3 0832826   208328264   第三借阅区/ [索取号:O213.2/9] 在馆    
4 0832827   208328273   数信系资料室/ [索取号:O213.2/9] 在馆    
5 0832828   208328282   数信系资料室/ [索取号:O213.2/9] 在馆    
6 0832829   208328291   第三借阅区/ [索取号:O213.2/9] 在馆    
唐山师范学院图书馆 欢迎您!
大连网信软件有限公司© 版权所有